| 000 | 00591 a2200169 4500 | ||
|---|---|---|---|
| 001 | 139365 | ||
| 040 | _cLeonardo Da Vinci | ||
| 041 | _aPortuguês | ||
| 082 |
_a918 P49g _bP49g |
||
| 100 |
_aPEREIRA, Diamantino Alves Correia _aSANTOS, Douglas _aCARVALHO, Marcos Bernardino |
||
| 245 |
_aGeografia _bciência do espaço : o espaço brasileiro |
||
| 260 |
_bAtual _c1988 _aSão Paulo |
||
| 300 | _a294 | ||
| 362 | _a19880000 | ||
| 697 |
_aGeografia _aÍndios _aIndustrialização _aAgricultura _aComércio externo _aTransportes _aUrbanização _aPopulação _aEconomia _aEnsino Médio |
||
| 942 | _cBK | ||
| 999 |
_c139365 _d139365 |
||